<?xml version="1.0" encoding="UTF-8"?>
<record
    xmlns:xsi="http://www.w3.org/2001/XMLSchema-instance"
    xsi:schemaLocation="http://www.loc.gov/MARC21/slim http://www.loc.gov/standards/marcxml/schema/MARC21slim.xsd"
    xmlns="http://www.loc.gov/MARC21/slim">

  <leader>01049njm a22002537a 4500</leader>
  <controlfield tag="005">20100903155835.0</controlfield>
  <controlfield tag="006">a|||||r|||||00| 0 </controlfield>
  <controlfield tag="007">sd ammalaaahaa</controlfield>
  <controlfield tag="008">100903t        xxu||||| |||| 00| 0 eng d</controlfield>
  <datafield tag="028" ind1=" " ind2=" ">
    <subfield code="a">N 36050</subfield>
    <subfield code="b">His Master's Voice</subfield>
  </datafield>
  <datafield tag="035" ind1=" " ind2=" ">
    <subfield code="a">GR-249</subfield>
  </datafield>
  <datafield tag="100" ind1=" " ind2=" ">
    <subfield code="a">Faiyaz Hussain Khan </subfield>
    <subfield code="9">18037</subfield>
  </datafield>
  <datafield tag="245" ind1=" " ind2=" ">
    <subfield code="a">Bilanpat :</subfield>
    <subfield code="c">by Faiyaz Hussain Khan </subfield>
    <subfield code="h">[sound recording]</subfield>
    <subfield code="b">raamkali /         </subfield>
  </datafield>
  <datafield tag="246" ind1=" " ind2=" ">
    <subfield code="a">&#x92C;&#x93F;&#x932;&#x902;&#x92A;&#x924; / &#x92B;&#x948;&#x92F;&#x93E;&#x91C;&#x93C; &#x939;&#x941;&#x938;&#x948;&#x928; &#x916;&#x93E;&#x928;  </subfield>
  </datafield>
  <datafield tag="260" ind1=" " ind2=" ">
    <subfield code="a">Dum Dum, India </subfield>
    <subfield code="b">His Master's Voice</subfield>
  </datafield>
  <datafield tag="300" ind1=" " ind2=" ">
    <subfield code="a">1 sound disc [Gramophone Recording]</subfield>
    <subfield code="b">analog, 33 1/3rpm ;</subfield>
    <subfield code="c">9.5 in. (MP)</subfield>
    <subfield code="f">Gramaphone Records </subfield>
  </datafield>
  <datafield tag="500" ind1=" " ind2=" ">
    <subfield code="a">Brief record </subfield>
  </datafield>
  <datafield tag="505" ind1=" " ind2=" ">
    <subfield code="a">Side-2 &#x909;&#x928;&#x938;&#x902;&#x917; &#x932;&#x93E;&#x917;&#x940; &#x905;&#x902;&#x916;&#x93F;&#x92F;&#x93E;&#x901;-&#x930;&#x93E;&#x92E;&#x915;&#x932;&#x940; (Unsang laagi aankhiyaan-ramkali) (Faiyaz Hussain Khan) </subfield>
  </datafield>
  <datafield tag="650" ind1=" " ind2=" ">
    <subfield code="a">Classical music</subfield>
    <subfield code="x">Excerpts </subfield>
    <subfield code="z">India</subfield>
    <subfield code="9">18040</subfield>
  </datafield>
  <datafield tag="700" ind1=" " ind2=" ">
    <subfield code="9">18050</subfield>
  </datafield>
  <datafield tag="700" ind1=" " ind2=" ">
    <subfield code="a">Roy, Juthika</subfield>
    <subfield code="9">18053</subfield>
  </datafield>
  <datafield tag="942" ind1=" " ind2=" ">
    <subfield code="2">ddc</subfield>
    <subfield code="c">GR</subfield>
  </datafield>
  <datafield tag="999" ind1=" " ind2=" ">
    <subfield code="c">43661</subfield>
    <subfield code="d">43661</subfield>
  </datafield>
  <datafield tag="952" ind1=" " ind2=" ">
    <subfield code="0">0</subfield>
    <subfield code="1">0</subfield>
    <subfield code="2">ddc</subfield>
    <subfield code="4">0</subfield>
    <subfield code="7">1</subfield>
    <subfield code="8">NFIC</subfield>
    <subfield code="a">L</subfield>
    <subfield code="b">L</subfield>
    <subfield code="d">2010-09-03</subfield>
    <subfield code="e">SED/VEN</subfield>
    <subfield code="l">0</subfield>
    <subfield code="p">GR-249</subfield>
    <subfield code="r">2010-09-03 00:00:00</subfield>
    <subfield code="t">1</subfield>
    <subfield code="w">2010-09-03</subfield>
    <subfield code="y">GR</subfield>
  </datafield>
</record>
